| 000 | 00789nam a22002657a 4500 | ||
|---|---|---|---|
| 003 | CHAP | ||
| 005 | 20220329134904.0 | ||
| 008 | 971013s1981 r 00010 d | ||
| 010 | _a27572 | ||
| 011 | _a28544 | ||
| 035 | _a32648 | ||
| 040 | _cCHAP | ||
| 082 |
_a551.5 _bI58 |
||
| 110 |
_aINIA. México. Campo Agrícola Experimental La Laguna _958495 |
||
| 245 | _aGuía climática para la Comarca Lagunera | ||
| 260 |
_aMéxico, D.F. : _bEl Instituto, _c(1981) |
||
| 300 | _a151 p | ||
| 590 |
_aBATCH-UPD _b10 _c20130110 _lUCH01 _h2000 |
||
| 590 |
_aCONVERSION _b10 _c20130109 _lUCH01 _h1316 |
||
| 650 | 1 | 4 |
_aComarca Lagunera _xClima. _925526 |
| 700 | 0 |
_aAguirre S., Oscar. _93038 |
|
| 901 | _aBK | ||
| 942 | _cLIBRO | ||
| 949 |
_a551.5 I58 _bBC _cC _d33724000494092 _eC _h54761 _i32648 _mD _si |
||
| 999 |
_c27572 _d27572 |
||